000 00388nam a2200145Ia 4500
008 230312s9999||||xx |||||||||||||| ||und||
020 _a9789696520757
082 _a891.4
_bAAM-A
100 _aعمار مسعود
245 0 _aآپ سیاست ،ثقافت اور سماج میری نظر میں
260 _bJamhori
_apak
_c2017
300 _a301
650 _aLiterature
942 _cBK
999 _c14912
_d14912